01155nam a22003257a 45000010005000000030009000050050017000140070005000310080032000360200015000680400022000830820027001051000028001322450100001602500013002602600037002733000022003105000071003325040032004035900026004356500044004616500048005056500023005536510038005767000035006149100023006499420012006729520128006849990017008121246DO-SdBNP20221003132830.01246160614b 2005 dr |||00| 0 spa d a999344510X aBPMSUbspacBPMSU a972.93bD542f 2005222 aEnrique Díaz, Nelson  aFundamentos de historia social dominicana /cNelson Enrique Díaz, Slverio González Camacho  a3a. ed.  a Santo Domingo : bSurco, c2005 a428 p. ;b24 cm.  aIncluye datos biográficos del autor en la solapa de la cubierta  aBibliografía : p. 423-428 6Inventariado, 2022/VM 4aHistoria social zRepublica Dominicana  4aEvolución socialzRepública Dominicana  4aProblemas sociales 4aRepública DominicanaxHistoria 1 a González Camacho, Silverio  aVMateo V./Validado 2ddccBK 00102ddc40708CDaBPMETbBPMETd2016-06-14eFUNDIoBPMSU CD 972.93 D542f 2005pBPMSU16060187r2016-06-14w2016-06-14yBK c10382d10382